<?xml version="1.0" encoding="UTF-8"?>
<record
    xmlns:xsi="http://www.w3.org/2001/XMLSchema-instance"
    xsi:schemaLocation="http://www.loc.gov/MARC21/slim http://www.loc.gov/standards/marcxml/schema/MARC21slim.xsd"
    xmlns="http://www.loc.gov/MARC21/slim">

  <leader>     nam a22     uu 4500</leader>
  <datafield tag="999" ind1=" " ind2=" ">
    <subfield code="c">8438</subfield>
    <subfield code="d">8438</subfield>
  </datafield>
  <controlfield tag="001">WIIW0000078</controlfield>
  <controlfield tag="003">OSt</controlfield>
  <controlfield tag="005">20180329090400.0</controlfield>
  <controlfield tag="008">180329s1989    -yu||||| |||| 00| ||s   d</controlfield>
  <datafield tag="040" ind1=" " ind2=" ">
    <subfield code="c">OSt</subfield>
  </datafield>
  <datafield tag="110" ind1="2" ind2=" ">
    <subfield code="a">Socijalisti&#x10D;ka Federationa Republika Jugoslavija</subfield>
    <subfield code="b">Savezni Zavod za Statistiku</subfield>
  </datafield>
  <datafield tag="245" ind1="0" ind2="0">
    <subfield code="a">Jugoslavija 1918-1988</subfield>
    <subfield code="b">statisti&#x10D;ki godi&#x161;njak</subfield>
  </datafield>
  <datafield tag="260" ind1=" " ind2=" ">
    <subfield code="a">Beograd :</subfield>
    <subfield code="c">1989.</subfield>
  </datafield>
  <datafield tag="300" ind1=" " ind2=" ">
    <subfield code="a">438 S.</subfield>
  </datafield>
  <datafield tag="651" ind1=" " ind2=" ">
    <subfield code="a">Yugoslavia</subfield>
  </datafield>
  <datafield tag="655" ind1=" " ind2=" ">
    <subfield code="a">Statistical Yearbook</subfield>
  </datafield>
  <datafield tag="942" ind1=" " ind2=" ">
    <subfield code="c">ST</subfield>
  </datafield>
  <datafield tag="952" ind1=" " ind2=" ">
    <subfield code="0">0</subfield>
    <subfield code="1">0</subfield>
    <subfield code="2">z</subfield>
    <subfield code="4">0</subfield>
    <subfield code="7">0</subfield>
    <subfield code="a">BIB</subfield>
    <subfield code="b">BIB</subfield>
    <subfield code="c">1</subfield>
    <subfield code="d">1989-08-16</subfield>
    <subfield code="l">0</subfield>
    <subfield code="p">2000000005904</subfield>
    <subfield code="r">2018-03-29 00:00:00</subfield>
    <subfield code="w">2018-03-29</subfield>
    <subfield code="y">ST</subfield>
  </datafield>
</record>
